00690nam a2200169 a 4500008004100000020001800041050001500059100002300074245009000097260003600187300002100223350001000244650001700254995010100271999001700372952013100389150515s2008 ||||||||||||||||| || u a9781446270493 aHM 791 Sag aGreenwood, Royston14aThe sage handbook of organizational institutionalism.cBy Royston Greenwood, [et .al] aLondonbSAGE Publicationsc2008 axviii, 822.: ill a47.49 aORGANIZATION FCBU-MAIN LIBRARY (Kitwe)I47.49M1UAVAILABLEWMay 21, 2015ZMain Library Open Access Collection c56921d56921 00102lcc4070a001b001cMain Library Open Access Collectiond2022-11-30l0oHM 791 Sagp745426r2022-11-30w2022-11-30y002